000 00314nam a22001457a 4500
008 211019b ||||| |||| 00| 0 eng d
020 _a2900738070017
041 _aeng
080 _23rd
_a371
082 _a371
100 _a46
101 _aEDU
245 _aSuccess by Design
_cCutchen,G.M
942 _2udc
_cBK
999 _c58282
_d58282